000 00906nam a2200253Ia 4500
003 OSt
005 20221005113216.0
006 a|||||r|||| 00| 0
007 ta
008 221004b |||||||| |||| 00| 0 pan d
020 _c200
024 _a6785
037 _b710, 26/06/2013, H.K. Prakashan
_cTextual
040 _aCRL
_cCRL
_bpan
041 _2pan
_apan
082 _aO153:g(Q8441), P6
100 _aਜਗਜੀਤ ਕੌਰ, ਥਦ.
245 0 _aਡਾ. ਸੁਰਜੀਤ ਸਿੰਘ ਧਰਮ ਤੇ ਸਾਹਿਤ ਚਿੰਤਨ
260 _aਪਟਿਆਲਾ
_bਅਮਰਜੀਤ ਸਾਹਿਤ ਪ੍ਰਕਾFਨ ਭਾਰਤ
_c2006
300 _a183ਪੰ
_ccm.
650 _aਪੰਜਾਬੀ ਸਾਹਿਤ
942 _hO153:g(Q8441), P6
_cTEXL
_2cc
999 _c1027393
_d1027393